| 000 | 00374nam a2200145Ia 4500 | ||
|---|---|---|---|
| 008 | 150201s2008 xx 000 0 und d | ||
| 082 |
_a617.672 _bM2008M |
||
| 100 | _aMURPHY,EAMANN | ||
| 245 | _aMANAGING OROFACIAL PAIN IN PRACTICE | ||
| 250 | _a1ST | ||
| 260 |
_bQUINTESSENCE PUBLICATION _aCHICAGO _c2008 |
||
| 300 | _a1-160 | ||
| 650 | _aORAL SURGERY | ||
| 942 |
_2ddc _cBK _01 |
||
| 999 |
_c4419 _d4419 |
||